Countries that Use Dollars - Sudden Death - Statistics

General Stats
  • This quiz has been taken 2,548 times
    2,221 since last reset
  • The average score is 8 of 23
Answers on the Grid
Answers color-coded by a green-red scale on the quiz's grid according to % correct below.
Antigua and Barbuda
Armenia
Australia
Bahamas
Barbados
Belize
Bhutan
Brunei
Canada
Cuba
Dominica
Ecuador
Fiji
Georgia
Grenada
Guatemala
Guyana
Honduras
Jamaica
Kiribati
Liberia
Mongolia
Namibia
Nauru
Netherlands
New Zealand
Papua New Guinea
Poland
San Marino
Seychelles
Sierra Leone
Singapore
South Africa
Suriname
Taiwan
Tonga
Trinidad and Tobago
United Kingdom
United States
Venezuela
 
Answer Stats
Answer % Correct
United States
80%
Australia
73%
Canada
73%
Antigua and Barbuda
55%
Bahamas
54%
Barbados
54%
New Zealand
51%
Jamaica
40%
Belize
39%
Dominica
32%
Grenada
32%
Singapore
32%
Trinidad and Tobago
32%
Fiji
30%
Liberia
24%
Guyana
20%
Nauru
19%
Kiribati
18%
Ecuador
17%
Taiwan
16%
Suriname
9%
Brunei
8%
Namibia
6%
No matching quizzes found
Score Distribution
Percent of People with Each Score
Percentile by Number Answered
Your Score History
You have not taken this quiz since the last reset